Hunger Games de A à Z - Statistiques

Statistiques générales
  • Ce quiz a été pris 5 869 fois
  • Le résultat moyen est 14 sur 24
Statistiques - réponses
Indice Réponse % Correct
B Métier des parents de Peeta Boulanger
98%
F "Puisse le sort vous être _________" Favorable
95%
K Héroïne de la trilogie Katniss Everdeen
93%
R À sa mort, elle fut recouverte de fleurs Rue
81%
I Ce que réalise chaque tribut avec Caesar Flickerman avant chaque Hunger Games Interview
80%
G Symbole de la rébellion Geai Moqueur
77%
V Évènement ayant lieu après les Hunger Games: Tournée de la _______ Victoire
77%
M Sélection des tributs par tirage au sort Moisson
75%
H Forme de l'arène des 75e Hunger Games Horloge
71%
P Pays fictif où se déroule la série Panem
70%
E Hôtesse des tributs du District 12 Effie Trinket
69%
Q La Veine est le ________ le plus pauvre du District 12 Quartier
68%
O Nom de famille de Finnick Odair
61%
J Jeune femme du District 7, douée pour manier la hache Johanna Mason
58%
C Prénom du président Snow Coriolanus
54%
A Nom de famille de Haymitch Abernathy
53%
T Femme "tigre" qui a aidé l'escouade 451 dans le troisième livre Tigris
53%
S Cadeaux envoyés dans l'arène par les mentors Sponsors
51%
U Le District 8 fabrique les __________ des pacificateurs Uniformes
44%
D Surnom donné aux tributs du District 6 des 75e Hunger Games Drogués
28%
W Tribut du District 3 dans les 75e Hunger Games Wiress
24%
L Nom de la chèvre de Prim Lady
15%
N Montagne pratiquement impénétrable du District 2 La {Noix}
14%
Y Soldate du District 13 chargée de l'entraînement des nouvelles recrues York
2%
Aucun quiz correspondant
Distribution des résultats
% des personnes avec chaque résultat
Percentile par nombre de réponses
Votre historique - résultats
Vous n’avez pas pris ce quiz